01075nam a2200265 a 4500001001000000003000500010005001700015008004100032010001100073011001100084040000900095100004000104245025200144260004100396500006000437502007700497650001700574650001600591650002600607650002200633650003900655650001200694700003300706856007000739000111803CHAP20220329144229.0150817s2012 mx a fsm |||||||spa d a108264 a109236 cCHAP1 aGarcía Sánchez, María Antonia10aDescripción de variedades de miguelitos (Zinnia sp. Jacq.), con base en la propuesta de guía técnica para la descripción de variedades de Zinnia de la UPOVh[En línea]cpor María Antonia García Sánchez y Patricia Mayorga Spínola. aChapingo, Méx. :bEl autor,c2012. aPara ver el contenido del material haga clic en la liga aTesis (Ing. Agr. Esp. en Fitotecnia) -- UACH. Departamento de Fitotecnia14aAntocianinas14aAsteraceae.14aCultivosxVariedades.14aDesarrollo rural.14aPlantas ornamentalesxCrecimiento.14aZinnia.1 aMayorga Spíndola, Patricia aFinding aiduhttp://10.13.5.2/tesis/sist111803.pdfzTeclea aquí